<?xml version="1.0" encoding="UTF-8"?><?xml-stylesheet type="text/xsl" href="static/style.xsl"?><OAI-PMH xmlns="http://www.openarchives.org/OAI/2.0/" xmlns:xsi="http://www.w3.org/2001/XMLSchema-instance" xsi:schemaLocation="http://www.openarchives.org/OAI/2.0/ http://www.openarchives.org/OAI/2.0/OAI-PMH.xsd"><responseDate>2026-04-17T06:13:59Z</responseDate><request verb="GetRecord" identifier="oai:gredos.usal.es:10366/76473" metadataPrefix="marc">https://gredos.usal.es/oai/request</request><GetRecord><record><header><identifier>oai:gredos.usal.es:10366/76473</identifier><datestamp>2025-06-05T12:40:28Z</datestamp><setSpec>com_10366_4459</setSpec><setSpec>com_10366_4395</setSpec><setSpec>com_10366_3946</setSpec><setSpec>com_10366_3823</setSpec><setSpec>com_10366_4756</setSpec><setSpec>com_10366_4746</setSpec><setSpec>col_10366_4467</setSpec><setSpec>col_10366_68521</setSpec></header><metadata><record xmlns="http://www.loc.gov/MARC21/slim" xmlns:doc="http://www.lyncode.com/xoai" xmlns:xsi="http://www.w3.org/2001/XMLSchema-instance" xmlns:dcterms="http://purl.org/dc/terms/" xsi:schemaLocation="http://www.loc.gov/MARC21/slim http://www.loc.gov/standards/marcxml/schema/MARC21slim.xsd">
<leader>00925njm 22002777a 4500</leader>
<datafield tag="042" ind1=" " ind2=" ">
<subfield code="a">dc</subfield>
</datafield>
<datafield tag="720" ind1=" " ind2=" ">
<subfield code="a">García Sánchez, Jesús</subfield>
<subfield code="e">author</subfield>
</datafield>
<datafield tag="260" ind1=" " ind2=" ">
<subfield code="c">2009</subfield>
</datafield>
<datafield tag="520" ind1=" " ind2=" ">
<subfield code="a">[ES] Para abordar nuestro trabajo hemos partido de dos principios básicos e, incluso, obvios:&#xd;
-La propia existencia de la censura postal en un determinado territorio y en un determinado momento.&#xd;
-La conservación de fuentes para su estudio y la posibilidad de acceso a ellas.</subfield>
</datafield>
<datafield tag="520" ind1=" " ind2=" ">
<subfield code="a">[EN] To address our work we start from two basic principles, and even obvious: &#xd;
-The very existence of postal censorship in a given territory and at a given moment.&#xd;
-The preservation of sources for their study and the possibility of access.</subfield>
</datafield>
<datafield tag="024" ind2=" " ind1="8">
<subfield code="a">http://hdl.handle.net/10366/76473</subfield>
</datafield>
<datafield tag="024" ind2=" " ind1="8">
<subfield code="a">10.14201/gredos.76473</subfield>
</datafield>
<datafield ind1=" " ind2=" " tag="653">
<subfield code="a">Tesis y disertaciones académicas</subfield>
</datafield>
<datafield ind1=" " ind2=" " tag="653">
<subfield code="a">Universidad de Salamanca (España)</subfield>
</datafield>
<datafield ind1=" " ind2=" " tag="653">
<subfield code="a">Academic Dissertations</subfield>
</datafield>
<datafield ind1=" " ind2=" " tag="653">
<subfield code="a">Censura</subfield>
</datafield>
<datafield ind1=" " ind2=" " tag="653">
<subfield code="a">Censorship</subfield>
</datafield>
<datafield ind1=" " ind2=" " tag="653">
<subfield code="a">Europa</subfield>
</datafield>
<datafield ind1=" " ind2=" " tag="653">
<subfield code="a">Europe</subfield>
</datafield>
<datafield ind1=" " ind2=" " tag="653">
<subfield code="a">Tarjetas postales</subfield>
</datafield>
<datafield ind1=" " ind2=" " tag="653">
<subfield code="a">Postcards</subfield>
</datafield>
<datafield tag="245" ind1="0" ind2="0">
<subfield code="a">La censura postal en la Europa del siglo XX</subfield>
</datafield>
</record></metadata></record></GetRecord></OAI-PMH>